000 02313cam a2200277 4500500
005 20251228050257.0
041 _afre
042 _adc
100 1 0 _aDi Liberti, Giuseppe
_eauthor
245 0 0 _aLe fait esthétique
260 _c2017.
500 _a66
520 _aSouvent utilisée dans les débats récents en sciences humaines, la notion de « fait esthétique » est difficile à définir. Cette difficulté est due d’une part à la nature complexe des faits du point de vue ontologique, d’autre part à l’hétérogénéité du domaine de l’esthétique. Une définition du fait esthétique pourrait pourtant favoriser des échanges interdisciplinaires, contribuer à une ontologie des faits et préciser la valeur cognitive de l’expérience esthétique. Cet article défend l’hypothèse que les faits esthétiques soient caractérisés par la persistance – dans l’expérience – de contenus non-propositionnels de la perception qui mobilisent nos émotions et nos contenus culturels.
520 _aThe “aesthetic fact” is a notion often used in humanities debates these last years, despite the difficulties in defining it. These difficulties are due to, on the one hand, the complex nature of the so-called “facts” from an ontological point of view and, on the other hand, the heterogeneity of the domain of Aesthetics. A definition of “aesthetic fact” could nevertheless promote interdisciplinary exchanges, contribute to an ontology of facts, and clarify the cognitive value of the aesthetic experience. As an overall hypothesis, this paper claims that aesthetic facts are characterized by the persistence, in the aesthetic experience, of non-propositional contents of perception which activate our emotions and our cultural contents.
690 _aContenu non conceptuel
690 _aExpérience esthétique
690 _aFait esthétique
690 _aPhilosophie de la perception
690 _aAesthetic experience
690 _aAesthetic fact
690 _aKey words
690 _aNonconceptual content
690 _aPhilosophy of perception
786 0 _nArchives de philosophie | 80 | 2 | 2017-04-14 | p. 295-310 | 0003-9632
856 4 1 _uhttps://shs.cairn.info/revue-archives-de-philosophie-2017-2-page-295?lang=fr&redirect-ssocas=7080
999 _c1580309
_d1580309